Kliknij nazwę miasta, które pojawi się na mapie - Statystyki

Ogólne statystyki
  • Ten quiz został rozwiązany 62 razy
  • Średni wynik to 40 z 81
Odpowiedzi na mapie
Odpowiedzi zakodowano w zielono-czerwonej skali na mapie do tego quizu, zgodnie z poniższymi procentami.
 
Statystyki odpowiedzi
Odpowiedź % Poprawnych
Gdańsk
86%
Warszawa
86%
Wrocław
86%
Białystok
84%
Gdynia
81%
Kraków
81%
Łódź
81%
Szczecin
81%
Lublin
79%
Opole
77%
Poznań
77%
Rzeszów
77%
Toruń
77%
Olsztyn
74%
Radom
74%
Bydgoszcz
72%
Kielce
72%
Częstochowa
70%
Katowice
67%
Zielona Góra
67%
Gorzów Wielkopolski
65%
Elbląg
63%
Koszalin
63%
Płock
63%
Bielsko-Biała
60%
Siedlce
58%
Słupsk
58%
Jelenia Góra
56%
Nowy Sącz
56%
Suwałki
56%
Tarnów
56%
Grudziądz
53%
Piła
53%
Stargard
53%
Gniezno
51%
Pruszków
51%
Włocławek
51%
Ełk
49%
Ostrowiec Świętokrzyski
49%
Wałbrzych
49%
Biała Podlaska
47%
Inowrocław
47%
Konin
47%
Legnica
47%
Przemyśl
47%
Ostrów Wielkopolski
44%
Pabianice
44%
Bełchatów
42%
Kalisz
42%
Lubin
42%
Piotrków Trybunalski
42%
Zamość
42%
Głogów
40%
Kędzierzyn Koźle
40%
Leszno
40%
Łomża
40%
Tczew
40%
Zgierz
40%
Chełm
37%
Gliwice
37%
Sosnowiec
37%
Stalowa Wola
37%
Tomaszów Mazowiecki
37%
Mielec
35%
Świdnica
33%
Rybnik
30%
Mysłowice
28%
Zabrze
28%
Dąbrowa Górnicza
26%
Jaworzno
26%
Tychy
26%
Bytom
23%
Ruda Śląska
23%
Chorzów
21%
Jastrzębie-Zdrój
21%
Racibórz
21%
Tarnowskie Góry
19%
Żory
19%
Będzin
16%
Piekary Śląskie
9%
Siemianowice Śląskie
7%
Nie znaleziono quizów pasujących do podanych kryteriów
Rozkład punktacji
Procent ludzi z każdym wynikiem
Percentyl według liczby udzielonych odpowiedzi
Twoja historia wyników
Nie rozwiązałeś tego quizu